| 000 | 01583cam a2200277 4500 | ||
|---|---|---|---|
| 001 | ##L125506 | ||
| 008 | 040322n2003 000 0 eng u | ||
| 020 | _a1900648849 | ||
| 035 | _a(Sirsi) u125506 | ||
| 041 | 0 | _aeng | |
| 050 | 0 | 4 | _a725.54 $2 18 |
| 245 | 0 | 0 |
_aDisability _bmaking buildings accessible special report |
| 250 | _a2nd ed. | ||
| 260 |
_aCambridge _bWorkplacelaw Network _c2003 |
||
| 300 |
_a205p. _c30cm. |
||
| 350 | _a99 | ||
| 520 | _aThis fully updated second edition, covers the recent revision of Part M of the Building Regulations and introduces five new chapters, encompassing: landlord and tenant issues; access audits; occupational therapists; "Special Educational Needs and Disability Act 2001"; and helpful hints at keeping cost down. Focuses specifically on the access requirements under Part III of the DDA, which comes into force fully on 1 October 2004. Offers guidance to employers, workplace managers, architects and building owners on to what extent premises and/or business practices need to be physically altered to make services equally accessible to disabled people. | ||
| 520 | _aSuperseded by third edition (ISBN 1900648482). Supersedes first edition (ISBN 1900648148). | ||
| 650 | 2 | 4 | _aDISABILITY DISCRIMINATION ACT 1995 |
| 650 | 2 | 4 | _aBUILDING REGULATIONS 1991 APPROVED DOCUMENT M (2004 EDITION) |
| 650 | 2 | 4 | _aSPECIAL EDUCATIONAL NEEDS AND DISABILITY ACT 2001 |
| 651 | 4 |
_aUnited Kingdom _y |
|
| 690 | _aMANAGEMENT-BUSINESS MANAGEMENT-DISCRIMINATION-DISABILITY DISCRIMINATION | ||
| 700 | 1 |
_aBright, Keith _eEditor |
|
| 942 | _n0 | ||
| 999 |
_c103421 _d103421 |
||